书目信息 |
| 题名: |
中国评剧剧目集成
|
|
| 作者: | 王士笑 , 印淑英 编著 | |
| 分册: | ||
| 出版信息: | 沈阳 沈阳出版社 1993.04 |
|
| 页数: | 27,354页 | |
| 开本: | 19cm | |
| 丛书名: | ||
| 单 册: | ||
| 中图分类: | I236.22 | |
| 科图分类: | ||
| 主题词: | 剧目-评剧--中国 , 评剧-剧目--中国 , 戏剧文学--剧本--中国 | |
| 电子资源: | ||
| ISBN: | 7-80556-963-0 | |
| 000 | 00832nam0 2200253 45 | |
| 001 | 0193040846 | |
| 005 | 20061114165750.01 | |
| 010 | @a7-80556-963-0@b精装@dCNY15.00 | |
| 100 | @a19930929d1993 emky0chiy0121 ea | |
| 101 | 0 | @achi |
| 102 | @aCN@b210000 | |
| 105 | @ay b 000yy | |
| 200 | 10 | @a中国评剧剧目集成@AZHONG GUO PING JU JU MU JI CHENG@f王士笑,印淑英编著@FWANG SHI XIAO , YIN SHU YING BIAN ZHU |
| 210 | @a沈阳@c沈阳出版社@d1993.04 | |
| 215 | @a27,354页@d19cm | |
| 330 | @a本书共收入评剧剧目1881个,分为解放前历史故事剧、解放后历史故事剧和现代剧3部分。 | |
| 606 | @a剧目-评剧@y中国 | |
| 606 | @a评剧-剧目@y中国 | |
| 606 | 0 | @a戏剧文学@x剧本@x中国 |
| 690 | @aI236.22@v3 | |
| 701 | 0 | @a王士笑@AWANG SHI XIAO@4编著 |
| 701 | 0 | @a印淑英@AYIN SHU YING@4编著 |
| 801 | 0 | @aCN@bTSSF@c20061114 |
| 905 | @a10447@dI236.22@e7 | |
| 中国评剧剧目集成/王士笑,印淑英编著.-沈阳:沈阳出版社,1993.04 |
| 27,354页;19cm |
| ISBN 7-80556-963-0(精装):CNY15.00 |
| 本书共收入评剧剧目1881个,分为解放前历史故事剧、解放后历史故事剧和现代剧3部分。 |
| ● |
| 相关链接 |
|
|
|
|
正题名:中国评剧剧目集成
索取号:I236.22/7
 
预约/预借
| 序号 | 登录号 | 条形码 | 馆藏地/架位号 | 状态 | 备注 |
| 1 | 0254915 | 000767842 | 第一样本阅览室/ [索取号:I236.22/7] | 在馆 |